[Event "MESRRK"]
[Site "?"]
[Date "2018.05.26"]
[Round "4.17"]
[White "Labyk, Illia"]
[Black "Carnecky, Viliam"]
[Result "0-1"]
[BlackElo "1191"]
[WhiteElo "1314"]
[LiveChessVersion "1.4.8"]

1. e4 {[%clk 0:20:17]} e5 {[%clk 0:20:19]} 2. Nf3 {[%clk 0:20:25]} Nc6
{[%clk 0:20:27]} 3. Bc4 {[%clk 0:20:33]} Bc5 {[%clk 0:20:34]} 4. b4
{[%clk 0:20:41]} Bxb4 {[%clk 0:20:33]} 5. c3 {[%clk 0:20:50]} Bc5
{[%clk 0:20:39]} 6. d4 {[%clk 0:20:58]} exd4 {[%clk 0:20:45]} 7. O-O
{[%clk 0:21:05]} Nf6 {[%clk 0:20:42]} 8. cxd4 {[%clk 0:20:50]} Bb4
{[%clk 0:20:47]} 9. Bg5 {[%clk 0:20:52]} O-O {[%clk 0:20:47]} 10. e5
{[%clk 0:21:00]} h6 {[%clk 0:20:48]} 11. exf6 {[%clk 0:20:42]} hxg5
{[%clk 0:20:54]} 12. fxg7 {[%clk 0:20:40]} Kxg7 {[%clk 0:21:01]} 13. Qb3
{[%clk 0:20:19]} g4 {[%clk 0:20:49]} 14. Ne5 {[%clk 0:19:52]} Nxe5
{[%clk 0:20:26]} 15. dxe5 {[%clk 0:19:54]} Ba5 {[%clk 0:20:30]} 16. Qb2
{[%clk 0:19:50]} a6 {[%clk 0:19:25]} 17. e6+ {[%clk 0:19:58]} Qf6
{[%clk 0:19:32]} 18. Qxf6+ {[%clk 0:19:53]} Kxf6 {[%clk 0:19:37]} 19. exf7
{[%clk 0:19:40]} b5 {[%clk 0:19:35]} 20. Bb3 {[%clk 0:19:25]} Ke7
{[%clk 0:19:34]} 21. Rc1 {[%clk 0:19:08]} Kd8 {[%clk 0:19:34]} 22. Nc3
{[%clk 0:19:16]} Bb7 {[%clk 0:19:22]} 23. Nd5 {[%clk 0:18:49]} Rb8
{[%clk 0:17:55]} 24. Nf6 {[%clk 0:18:53]} Bb4 {[%clk 0:16:46]} 25. a3
{[%clk 0:18:37]} Be7 {[%clk 0:16:50]} 26. Nxg4 {[%clk 0:18:19]} d5
{[%clk 0:16:28]} 27. Ne5 {[%clk 0:18:09]} Bf6 {[%clk 0:16:19]} 28. f4
{[%clk 0:17:30]} Bxe5 {[%clk 0:16:06]} 29. fxe5 {[%clk 0:17:37]} Rxf7
{[%clk 0:16:14]} 30. Rc5 {[%clk 0:17:27]} c6 {[%clk 0:16:06]} 31. a4
{[%clk 0:17:11]} Rf5 {[%clk 0:16:00]} 32. axb5 {[%clk 0:17:02]} axb5
{[%clk 0:16:05]} 33. Re1 {[%clk 0:16:25]} Ke7 {[%clk 0:16:06]} 34. Bc2
{[%clk 0:16:33]} Rf4 {[%clk 0:16:00]} 35. Rc3 {[%clk 0:16:00]} Rc4
{[%clk 0:15:48]} 36. Rxc4 {[%clk 0:15:53]} bxc4 {[%clk 0:15:54]} 37. Kf2
{[%clk 0:15:55]} d4 {[%clk 0:15:57]} 38. Ba4 {[%clk 0:15:43]} c3 {[%clk 0:15:57]}
39. Ke2 {[%clk 0:15:50]} Ba6+ {[%clk 0:16:05]} 40. Kd1 {[%clk 0:15:45]} Rb1+
{[%clk 0:16:07]} 41. Kc2 {[%clk 0:15:46]} Rxe1 {[%clk 0:16:09]} 0-1

[Event "MESRRK"]
[Site "?"]
[Date "2018.05.26"]
[Round "4.18"]
[White "Gabor, Mariya"]
[Black "Sosovickova, Martina"]
[Result "0-1"]
[BlackElo "1129"]
[WhiteElo "1266"]
[LiveChessVersion "1.4.8"]

1. e4 {[%clk 0:20:19]} c5 {[%clk 0:20:18]} 2. d4 {[%clk 0:20:26]} cxd4
{[%clk 0:20:25]} 3. c3 {[%clk 0:20:35]} Nf6 {[%clk 0:20:21]} 4. e5
{[%clk 0:20:21]} Nd5 {[%clk 0:20:23]} 5. cxd4 {[%clk 0:20:14]} Nc6
{[%clk 0:20:25]} 6. Nf3 {[%clk 0:19:58]} e6 {[%clk 0:19:57]} 7. Bc4
{[%clk 0:19:51]} Nb6 {[%clk 0:19:19]} 8. Bb3 {[%clk 0:19:48]} d5 {[%clk 0:19:08]}
9. O-O {[%clk 0:19:45]} Be7 {[%clk 0:19:04]} 10. Nc3 {[%clk 0:19:47]} O-O
{[%clk 0:19:07]} 11. a3 {[%clk 0:19:04]} f6 {[%clk 0:18:33]} 12. Bc2
{[%clk 0:18:27]} f5 {[%clk 0:18:18]} 13. Bf4 {[%clk 0:15:13]} Nc4
{[%clk 0:17:46]} 14. b3 {[%clk 0:15:03]} Nxa3 {[%clk 0:17:45]} 15. Bd3
{[%clk 0:11:57]} Nb4 {[%clk 0:17:32]} 16. Be2 {[%clk 0:11:17]} Nbc2
{[%clk 0:16:38]} 17. Ra2 {[%clk 0:11:07]} Bb4 {[%clk 0:16:12]} 18. Rxc2
{[%clk 0:10:43]} Nxc2 {[%clk 0:16:19]} 19. Qxc2 {[%clk 0:10:50]} Qc7
{[%clk 0:16:14]} 20. Rc1 {[%clk 0:10:32]} Bd7 {[%clk 0:15:58]} 21. Qb2
{[%clk 0:09:39]} Qa5 {[%clk 0:15:49]} 22. Qc2 {[%clk 0:08:14]} Rac8
{[%clk 0:15:52]} 23. Bd2 {[%clk 0:08:18]} Rc6 {[%clk 0:15:42]} 24. Bb5
{[%clk 0:06:55]} Rc7 {[%clk 0:15:02]} 25. Bxd7 {[%clk 0:06:48]} Rxd7
{[%clk 0:15:10]} 26. Qd1 {[%clk 0:06:32]} Rc7 {[%clk 0:14:46]} 27. Ne2
{[%clk 0:05:40]} Rfc8 {[%clk 0:14:36]} 28. Rxc7 {[%clk 0:04:57]} Rxc7
{[%clk 0:14:40]} 29. h3 {[%clk 0:05:05]} Bxd2 {[%clk 0:14:18]} 30. Nxd2
{[%clk 0:04:47]} Qa3 {[%clk 0:14:06]} 31. Kh2 {[%clk 0:04:44]} a6
{[%clk 0:13:53]} 32. Nf4 {[%clk 0:03:51]} Rc6 {[%clk 0:13:18]} 33. Qh5
{[%clk 0:03:54]} Qe7 {[%clk 0:12:55]} 34. Nf3 {[%clk 0:03:54]} Qf7
{[%clk 0:12:34]} 35. Qh4 {[%clk 0:03:52]} h6 {[%clk 0:12:15]} 36. Qg3
{[%clk 0:03:43]} Rc3 {[%clk 0:11:49]} 37. b4 Rb3 {[%clk 0:11:38]} 38. Ng6
{[%clk 0:02:53]} Rxb4 {[%clk 0:11:03]} 39. Nfh4 {[%clk 0:02:36]} Rxd4
{[%clk 0:10:52]} 40. Qc3 {[%clk 0:02:40]} Rc4 {[%clk 0:10:29]} 41. Qa5
{[%clk 0:02:31]} Qc7 {[%clk 0:09:56]} 42. Qa3 Qd8 43. Ne7+ {[%clk 0:02:16]} Kf7
{[%clk 0:09:32]} 44. Nhg6 {[%clk 0:02:10]} Rc7 {[%clk 0:09:33]} 45. Qf3
{[%clk 0:01:21]} Rxe7 {[%clk 0:09:23]} 46. Nxe7 {[%clk 0:01:26]} Qxe7
{[%clk 0:09:31]} 47. g4 {[%clk 0:01:33]} Qg5 {[%clk 0:09:21]} 48. Qb3
{[%clk 0:01:08]} Qf4+ {[%clk 0:09:18]} 49. Kg1 {[%clk 0:01:13]} Qc1+
{[%clk 0:09:14]} 50. Kg2 {[%clk 0:01:20]} b5 {[%clk 0:09:01]} 51. Qf3
{[%clk 0:01:16]} Qc2 {[%clk 0:08:54]} 52. g5 {[%clk 0:01:05]} Qe4
{[%clk 0:08:57]} 53. Qxe4 {[%clk 0:00:26]} dxe4 {[%clk 0:09:05]} 54. Kf1
{[%clk 0:00:42]} hxg5 {[%clk 0:09:12]} 55. Ke2 a5 {[%clk 0:09:16]} 56. Kd2
{[%clk 0:00:46]} b4 {[%clk 0:09:24]} 57. Kc2 {[%clk 0:00:55]} a4 {[%clk 0:09:30]}
58. Kb2 {[%clk 0:01:04]} a3+ {[%clk 0:09:38]} 59. Kb3 {[%clk 0:01:12]} Kg6
{[%clk 0:09:42]} 60. Ka2 Kh5 61. Kb3 {[%clk 0:01:23]} Kh4 {[%clk 0:09:53]} 62.
Ka2 Kxh3 {[%clk 0:10:00]} 63. Kb3 {[%clk 0:01:40]} Kg2 {[%clk 0:10:07]} 64. Ka2
{[%clk 0:01:47]} Kxf2 {[%clk 0:10:15]} 65. Kb3 {[%clk 0:01:54]} Ke3
{[%clk 0:10:20]} 66. Ka2 {[%clk 0:02:02]} Kd3 {[%clk 0:10:27]} 67. Kb3
{[%clk 0:02:11]} g4 {[%clk 0:10:31]} 68. Ka2 {[%clk 0:02:19]} Kc3
{[%clk 0:10:31]} 69. Kb1 {[%clk 0:02:27]} b3 {[%clk 0:10:39]} 70. Ka1
{[%clk 0:02:29]} b2+ {[%clk 0:10:47]} 71. Ka2 {[%clk 0:02:37]} Kc2
{[%clk 0:10:55]} 72. Kxa3 {[%clk 0:02:44]} b1=Q {[%clk 0:11:00]} 73. Ka4
{[%clk 0:02:53]} Kc3 {[%clk 0:11:07]} 74. Ka5 {[%clk 0:03:02]} Kc4
{[%clk 0:11:16]} 75. Ka6 {[%clk 0:03:11]} Kc5 {[%clk 0:11:24]} 76. Ka7
{[%clk 0:03:20]} Kc6 {[%clk 0:11:33]} 77. Ka8 {[%clk 0:03:29]} Qb7# 0-1

[Event "MESRRK"]
[Site "?"]
[Date "2018.05.26"]
[Round "4.20"]
[White "Sahidi, Sear"]
[Black "Matusik, Ondrej"]
[Result "1-0"]
[BlackElo "1251"]
[WhiteElo "1129"]
[LiveChessVersion "1.4.8"]

1. e4 {[%clk 0:20:19]} c5 {[%clk 0:20:12]} 2. Nf3 {[%clk 0:20:26]} Nc6
{[%clk 0:20:14]} 3. Bc4 {[%clk 0:20:32]} e6 {[%clk 0:20:18]} 4. Nc3
{[%clk 0:20:32]} Nf6 {[%clk 0:20:25]} 5. e5 {[%clk 0:20:15]} Ng4 {[%clk 0:20:30]}
6. Qe2 {[%clk 0:20:11]} Qc7 {[%clk 0:20:38]} 7. d3 {[%clk 0:17:03]} Ngxe5
{[%clk 0:20:37]} 8. Bf4 {[%clk 0:17:10]} Nxf3+ {[%clk 0:20:19]} 9. Qxf3
{[%clk 0:17:14]} Qd8 {[%clk 0:20:24]} 10. Nb5 {[%clk 0:16:38]} e5
{[%clk 0:19:50]} 11. Bxf7+ {[%clk 0:13:07]} Kxf7 {[%clk 0:19:23]} 12. Bg5+
{[%clk 0:13:15]} Ke8 {[%clk 0:19:25]} 13. Bxd8 {[%clk 0:13:22]} Kxd8
{[%clk 0:19:34]} 14. O-O {[%clk 0:12:51]} a6 {[%clk 0:19:28]} 15. Nc3 Nd4
{[%clk 0:19:34]} 16. Qd1 {[%clk 0:12:55]} d6 {[%clk 0:19:21]} 17. Ne4
{[%clk 0:12:42]} Be6 {[%clk 0:18:31]} 18. c3 {[%clk 0:12:46]} Nc6
{[%clk 0:18:19]} 19. Rc1 {[%clk 0:12:16]} Be7 {[%clk 0:17:35]} 20. c4
{[%clk 0:10:27]} Nd4 {[%clk 0:17:21]} 21. f4 {[%clk 0:09:37]} h5 {[%clk 0:16:43]}
22. fxe5 {[%clk 0:09:38]} Bg4 {[%clk 0:16:50]} 23. Qd2 {[%clk 0:09:12]} Ne2+
{[%clk 0:16:04]} 24. Kh1 {[%clk 0:09:19]} dxe5 {[%clk 0:15:30]} 25. Rce1
{[%clk 0:08:50]} Nd4 {[%clk 0:15:17]} 26. Ng5 {[%clk 0:08:48]} Kd7
{[%clk 0:12:51]} 27. Rf7 {[%clk 0:08:00]} Rhg8 {[%clk 0:11:09]} 28. Rxe5
{[%clk 0:07:33]} Nf5 {[%clk 0:10:46]} 29. Qa5 {[%clk 0:07:06]} Kc8
{[%clk 0:10:11]} 30. Ne6 {[%clk 0:05:16]} Bd6 {[%clk 0:09:29]} 31. Rd5
{[%clk 0:04:48]} Re8 32. Rxc5+ {[%clk 0:03:47]} Kb8 {[%clk 0:08:03]} 33. Qb6
{[%clk 0:03:51]} Re7 {[%clk 0:07:27]} 34. Rf8+ {[%clk 0:03:51]} Re8
{[%clk 0:07:27]} 35. Rxe8# {[%clk 0:03:59]} 1-0

[Event "MESRRK"]
[Site "?"]
[Date "2018.05.26"]
[Round "4.21"]
[White "Finek, Vaclav"]
[Black "Meszaros, Casey Ryan"]
[Result "1-0"]
[BlackElo "1191"]
[WhiteElo "1763"]
[LiveChessVersion "1.4.8"]

1. e4 {[%clk 0:20:27]} e5 {[%clk 0:20:28]} 2. Nf3 {[%clk 0:20:36]} Nc6
{[%clk 0:20:37]} 3. Bc4 {[%clk 0:20:44]} Bc5 {[%clk 0:20:42]} 4. c3
{[%clk 0:20:52]} Nf6 {[%clk 0:20:49]} 5. d4 {[%clk 0:21:01]} exd4
{[%clk 0:20:50]} 6. cxd4 {[%clk 0:21:09]} Bb4+ {[%clk 0:20:53]} 7. Bd2
{[%clk 0:21:17]} Bxd2+ {[%clk 0:20:36]} 8. Nbxd2 {[%clk 0:21:25]} O-O
{[%clk 0:20:37]} 9. e5 {[%clk 0:21:05]} Ng4 {[%clk 0:20:10]} 10. h3
{[%clk 0:21:08]} Nh6 {[%clk 0:20:14]} 11. O-O {[%clk 0:20:41]} d6
{[%clk 0:20:11]} 12. exd6 {[%clk 0:19:53]} Qxd6 {[%clk 0:19:54]} 13. Ne4
{[%clk 0:19:50]} Qe7 {[%clk 0:19:30]} 14. Re1 {[%clk 0:19:37]} Rd8
{[%clk 0:19:12]} 15. Qe2 {[%clk 0:17:56]} Be6 {[%clk 0:18:30]} 16. Rad1
{[%clk 0:16:50]} Bxc4 {[%clk 0:18:11]} 17. Qxc4 {[%clk 0:16:52]} Na5
{[%clk 0:17:00]} 18. Qb5 {[%clk 0:16:32]} b6 {[%clk 0:16:47]} 19. Ne5
{[%clk 0:15:19]} f6 {[%clk 0:15:34]} 20. Nf3 {[%clk 0:14:52]} Qd7
{[%clk 0:14:44]} 21. Qd3 {[%clk 0:12:58]} c5 {[%clk 0:14:29]} 22. d5
{[%clk 0:12:58]} Qa4 {[%clk 0:13:34]} 23. Nc3 {[%clk 0:12:40]} Qc4
{[%clk 0:13:28]} 24. Qe3 {[%clk 0:12:21]} Qa6 {[%clk 0:12:55]} 25. Qe6+
{[%clk 0:12:24]} Nf7 {[%clk 0:12:55]} 26. d6 {[%clk 0:11:59]} Qc8
{[%clk 0:12:47]} 27. d7 {[%clk 0:12:02]} Qc6 {[%clk 0:12:15]} 28. Nd5
{[%clk 0:11:13]} Qxe6 {[%clk 0:12:00]} 29. Rxe6 {[%clk 0:11:18]} Kf8
{[%clk 0:11:46]} 30. Nf4 {[%clk 0:10:52]} Rab8 {[%clk 0:11:21]} 31. Re4
{[%clk 0:10:37]} Rb7 {[%clk 0:11:17]} 32. Ne6+ {[%clk 0:10:45]} Kg8
{[%clk 0:11:17]} 33. Nxd8 {[%clk 0:10:51]} Nxd8 {[%clk 0:11:06]} 34. Re8+
{[%clk 0:10:59]} Kf7 {[%clk 0:11:14]} 35. Rxd8 {[%clk 0:11:07]} Nc6
{[%clk 0:11:07]} 36. Rc8 {[%clk 0:11:06]} Ke7 {[%clk 0:10:47]} 37. d8=Q+
{[%clk 0:10:59]} Nxd8 {[%clk 0:10:50]} 38. Rdxd8 {[%clk 0:11:08]} 1-0

[Event "MESRRK"]
[Site "?"]
[Date "2018.05.26"]
[Round "4.22"]
[White "Buchtova, Viktorie"]
[Black "Pylypenko, Radomyr"]
[Result "0-1"]
[BlackElo "1422"]
[WhiteElo "1015"]
[LiveChessVersion "1.4.8"]

1. e4 {[%clk 0:20:17]} e6 {[%clk 0:20:18]} 2. Nf3 {[%clk 0:20:22]} d5
{[%clk 0:20:28]} 3. Nc3 {[%clk 0:19:59]} c5 {[%clk 0:20:30]} 4. d4
{[%clk 0:19:56]} dxe4 {[%clk 0:20:32]} 5. Nxe4 {[%clk 0:19:58]} cxd4
{[%clk 0:20:39]} 6. Nxd4 {[%clk 0:19:58]} f5 {[%clk 0:20:44]} 7. Ng3
{[%clk 0:19:44]} Bc5 {[%clk 0:20:46]} 8. c3 {[%clk 0:18:55]} Nf6 {[%clk 0:20:32]}
9. Bg5 {[%clk 0:18:56]} O-O {[%clk 0:19:48]} 10. Bc4 {[%clk 0:18:46]} Kh8
{[%clk 0:18:54]} 11. Bxe6 {[%clk 0:18:07]} Qe7 {[%clk 0:18:32]} 12. Ngxf5
{[%clk 0:16:31]} Qe8 {[%clk 0:18:39]} 13. Qe2 {[%clk 0:15:03]} Bxd4
{[%clk 0:18:28]} 14. Nxd4 {[%clk 0:14:54]} Bxe6 {[%clk 0:18:20]} 15. Nxe6
{[%clk 0:14:53]} Rf7 {[%clk 0:18:27]} 16. O-O {[%clk 0:14:33]} Re7
{[%clk 0:18:31]} 17. Rfe1 {[%clk 0:14:29]} Nc6 {[%clk 0:18:15]} 18. Bxf6
{[%clk 0:14:06]} gxf6 {[%clk 0:18:23]} 19. Qg4 {[%clk 0:12:43]} Nd8
{[%clk 0:17:40]} 20. Re3 {[%clk 0:11:11]} Rxe6 {[%clk 0:17:41]} 21. Rae1
{[%clk 0:11:01]} Rxe3 {[%clk 0:17:26]} 22. Rxe3 {[%clk 0:11:06]} Qf7
{[%clk 0:17:03]} 23. Qa4 {[%clk 0:10:05]} Nc6 {[%clk 0:17:09]} 24. Qe4
{[%clk 0:08:41]} Qxa2 {[%clk 0:16:58]} 25. h3 {[%clk 0:08:00]} Rd8
{[%clk 0:16:43]} 26. Qf5 {[%clk 0:07:55]} Qf7 {[%clk 0:16:41]} 27. Qe4
{[%clk 0:07:30]} Qc7 {[%clk 0:16:12]} 28. Qf3 {[%clk 0:06:56]} Qd6
{[%clk 0:15:31]} 29. Qf5 {[%clk 0:05:26]} Rf8 {[%clk 0:14:16]} 30. Re4
{[%clk 0:04:42]} Ne5 {[%clk 0:12:09]} 31. Rh4 {[%clk 0:04:13]} Qd7
{[%clk 0:11:30]} 32. Qh5 {[%clk 0:03:19]} Rg8 {[%clk 0:11:05]} 33. Qh6
{[%clk 0:02:40]} Qg7 {[%clk 0:11:11]} 34. g3 {[%clk 0:02:03]} Nf3+
{[%clk 0:11:17]} 35. Kg2 {[%clk 0:01:34]} Nxh4+ {[%clk 0:11:13]} 36. Qxh4
{[%clk 0:01:41]} Qg5 {[%clk 0:11:16]} 37. Qd4 {[%clk 0:01:42]} Re8
{[%clk 0:10:59]} 38. Qd7 {[%clk 0:01:35]} Qe5 {[%clk 0:10:53]} 39. Qxb7
{[%clk 0:01:30]} Qe4+ {[%clk 0:11:02]} 40. Kg1 {[%clk 0:01:29]} Qxb7
{[%clk 0:11:10]} 41. Kh2 {[%clk 0:01:16]} Re1 {[%clk 0:11:17]} 42. g4
{[%clk 0:01:19]} Qf3 {[%clk 0:11:23]} 43. g5 {[%clk 0:01:16]} Rh1# 0-1

[Event "MESRRK"]
[Site "?"]
[Date "2018.05.26"]
[Round "4.23"]
[White "Svadlenka, Dominik"]
[Black "Svadlenka, Michal"]
[Result "1-0"]
[BlackElo "1337"]
[WhiteElo "1322"]
[LiveChessVersion "1.4.8"]

1. d4 {[%clk 0:20:19]} Nf6 {[%clk 0:20:14]} 2. c4 {[%clk 0:20:27]} e6
{[%clk 0:20:20]} 3. Nf3 {[%clk 0:20:34]} c6 {[%clk 0:20:26]} 4. e3
{[%clk 0:20:21]} d5 {[%clk 0:20:35]} 5. c5 {[%clk 0:20:29]} g6 {[%clk 0:20:38]}
6. Bd3 {[%clk 0:20:27]} Bg7 {[%clk 0:20:45]} 7. Nc3 {[%clk 0:20:35]} O-O
{[%clk 0:20:51]} 8. Bd2 {[%clk 0:20:42]} Re8 {[%clk 0:20:58]} 9. O-O
{[%clk 0:20:47]} Qc7 {[%clk 0:19:41]} 10. Qc2 {[%clk 0:20:47]} Bd7
{[%clk 0:19:47]} 11. Rfe1 {[%clk 0:20:29]} b6 {[%clk 0:19:33]} 12. b4
{[%clk 0:20:35]} b5 {[%clk 0:19:28]} 13. a4 {[%clk 0:20:36]} bxa4
{[%clk 0:19:34]} 14. Rxa4 {[%clk 0:20:39]} Re7 {[%clk 0:18:02]} 15. Rea1
{[%clk 0:20:42]} Ne8 {[%clk 0:17:58]} 16. Qa2 {[%clk 0:20:38]} Bc8
{[%clk 0:17:58]} 17. b5 {[%clk 0:20:04]} Qd7 {[%clk 0:16:35]} 18. b6
{[%clk 0:20:02]} a6 {[%clk 0:16:44]} 19. Be1 {[%clk 0:18:37]} f6 {[%clk 0:16:29]}
20. Ne2 {[%clk 0:18:10]} e5 {[%clk 0:16:23]} 21. e4 {[%clk 0:17:19]} exd4
{[%clk 0:16:08]} 22. Nexd4 {[%clk 0:18:00]} Kh8 {[%clk 0:15:37]} 23. exd5 cxd5
{[%clk 0:15:19]} 24. Bb4 {[%clk 0:17:00]} Nc6 {[%clk 0:14:19]} 25. Nxc6
{[%clk 0:16:41]} Qxc6 {[%clk 0:14:26]} 26. Bxa6 {[%clk 0:16:24]} Bxa6
{[%clk 0:14:28]} 27. Rxa6 {[%clk 0:16:31]} Rxa6 {[%clk 0:14:36]} 28. Qxa6
{[%clk 0:16:36]} f5 {[%clk 0:14:44]} 29. Ra5 {[%clk 0:15:47]} Nf6
{[%clk 0:10:47]} 30. Qa8+ {[%clk 0:15:49]} Qe8 {[%clk 0:10:09]} 31. Qxe8+
{[%clk 0:15:55]} Rxe8 {[%clk 0:09:48]} 32. c6 {[%clk 0:15:50]} Rc8
{[%clk 0:09:32]} 33. b7 {[%clk 0:15:47]} Re8 {[%clk 0:08:55]} 34. Ra8
{[%clk 0:15:49]} Ng4 {[%clk 0:08:31]} 35. Rxe8+ {[%clk 0:15:53]} Bf8
{[%clk 0:08:40]} 36. Rxf8+ {[%clk 0:15:58]} Kg7 {[%clk 0:08:49]} 37. b8=Q
{[%clk 0:15:44]} Nxf2 {[%clk 0:08:55]} 38. Bc3+ {[%clk 0:15:39]} Kh6
{[%clk 0:09:04]} 39. Qf4+ {[%clk 0:15:29]} 1-0

[Event "MESRRK"]
[Site "?"]
[Date "2018.05.26"]
[Round "4.25"]
[White "Dolnik, Michal"]
[Black "Strapec, Lukas"]
[Result "0-1"]
[BlackElo "1289"]
[WhiteElo "1036"]
[LiveChessVersion "1.4.8"]

1. e4 {[%clk 0:20:19]} c5 {[%clk 0:20:16]} 2. Nf3 {[%clk 0:20:26]} d6
{[%clk 0:20:22]} 3. d4 {[%clk 0:20:34]} cxd4 {[%clk 0:20:27]} 4. Nxd4
{[%clk 0:20:41]} Nf6 {[%clk 0:20:27]} 5. Nc3 {[%clk 0:20:48]} g6 {[%clk 0:20:33]}
6. Be2 {[%clk 0:20:50]} Bg7 {[%clk 0:20:26]} 7. Be3 {[%clk 0:20:54]} O-O
{[%clk 0:20:18]} 8. Qd2 {[%clk 0:21:01]} Nc6 {[%clk 0:19:57]} 9. O-O-O
{[%clk 0:20:58]} Bd7 {[%clk 0:19:47]} 10. h4 {[%clk 0:20:49]} h5 {[%clk 0:19:36]}
11. Nxc6 {[%clk 0:20:42]} bxc6 {[%clk 0:19:14]} 12. Bh6 {[%clk 0:20:48]} Rb8
{[%clk 0:18:04]} 13. Bxg7 {[%clk 0:20:46]} Kxg7 {[%clk 0:18:02]} 14. Kb1
{[%clk 0:18:54]} Qb6 {[%clk 0:17:39]} 15. Na4 {[%clk 0:18:36]} Qxf2
{[%clk 0:16:53]} 16. Bf3 {[%clk 0:18:02]} Qxd2 {[%clk 0:16:31]} 17. Rxd2
{[%clk 0:18:02]} c5 {[%clk 0:16:36]} 18. e5 {[%clk 0:17:48]} dxe5
{[%clk 0:16:09]} 19. Nxc5 {[%clk 0:17:54]} Bf5 {[%clk 0:14:51]} 20. Nd3
{[%clk 0:16:39]} e4 {[%clk 0:14:53]} 21. Bxe4 {[%clk 0:14:54]} Nxe4
{[%clk 0:14:53]} 22. Rhd1 {[%clk 0:14:05]} Nc3+ 23. Ka1 {[%clk 0:14:01]} Nxd1
{[%clk 0:14:29]} 24. Rxd1 {[%clk 0:14:07]} Bxd3 {[%clk 0:14:31]} 25. Rxd3
{[%clk 0:14:08]} Rfd8 {[%clk 0:14:36]} 26. Rxd8 {[%clk 0:14:08]} Rxd8
{[%clk 0:14:43]} 27. b3 {[%clk 0:14:15]} e5 {[%clk 0:14:39]} 28. Kb2
{[%clk 0:14:15]} e4 {[%clk 0:14:46]} 29. c4 {[%clk 0:14:24]} e3 {[%clk 0:14:53]}
30. c5 {[%clk 0:14:29]} e2 {[%clk 0:15:00]} 31. c6 {[%clk 0:14:38]} e1=Q
{[%clk 0:15:03]} 32. c7 {[%clk 0:14:41]} Rd2+ {[%clk 0:14:57]} 33. Ka3
{[%clk 0:14:48]} Qc1+ {[%clk 0:15:01]} 34. Kb4 {[%clk 0:14:53]} Rd4+
{[%clk 0:15:03]} 35. Kb5 {[%clk 0:14:59]} Qxc7 {[%clk 0:15:04]} 36. b4
{[%clk 0:15:01]} Qb6+ {[%clk 0:15:09]} 37. Ka4 {[%clk 0:15:07]} Qxb4# 0-1